[Event "M?R 2020 v bleskovém ?achu druzstev"]
[Site "Turnov"]
[Date "2020.09.12"]
[Round "11.5"]
[White "Obsivac MOR_B, Josef"]
[Black "Hacha TUR_D, Ales"]
[Result "1-0"]
[BlackElo "2051"]
[WhiteElo "2257"]
[LiveChessVersion "1.4.8"]

1. d4 {[%clk 0:03:02]} Nf6 {[%clk 0:03:00]} 2. c4 {[%clk 0:03:03]} c5
{[%clk 0:03:01]} 3. d5 {[%clk 0:03:04]} e6 {[%clk 0:03:02]} 4. Nc3
{[%clk 0:03:05]} exd5 {[%clk 0:03:03]} 5. cxd5 {[%clk 0:03:06]} d6
{[%clk 0:03:04]} 6. Nf3 {[%clk 0:03:06]} g6 {[%clk 0:03:04]} 7. Nd2
{[%clk 0:03:06]} Bg7 {[%clk 0:03:04]} 8. e4 {[%clk 0:03:07]} O-O {[%clk 0:03:03]}
9. Be2 {[%clk 0:03:08]} a6 {[%clk 0:03:04]} 10. a4 {[%clk 0:03:09]} Re8
{[%clk 0:03:01]} 11. O-O {[%clk 0:03:08]} Nbd7 {[%clk 0:03:01]} 12. h3
{[%clk 0:03:07]} Rb8 {[%clk 0:02:53]} 13. Ra3 {[%clk 0:02:58]} Qc7
{[%clk 0:02:47]} 14. a5 {[%clk 0:02:49]} b5 {[%clk 0:02:23]} 15. axb6
{[%clk 0:02:49]} Rxb6 {[%clk 0:02:18]} 16. Re1 {[%clk 0:02:24]} Rb4
{[%clk 0:02:14]} 17. Bxa6 {[%clk 0:02:20]} Bxa6 {[%clk 0:01:48]} 18. Rxa6
{[%clk 0:02:21]} c4 {[%clk 0:01:37]} 19. Rc6 {[%clk 0:02:18]} Qb8
{[%clk 0:01:35]} 20. Nxc4 {[%clk 0:02:05]} Bf8 {[%clk 0:01:18]} 21. Bf4
{[%clk 0:01:46]} Rc8 {[%clk 0:00:58]} 22. Rxc8 {[%clk 0:01:40]} Qxc8
{[%clk 0:01:00]} 23. Nxd6 {[%clk 0:01:38]} Qa6 {[%clk 0:00:53]} 24. Qa1
{[%clk 0:01:05]} Qd3 {[%clk 0:00:41]} 25. Rd1 {[%clk 0:00:56]} Qc2
{[%clk 0:00:32]} 26. Rd2 {[%clk 0:00:48]} Qb3 {[%clk 0:00:32]} 27. Qa3
{[%clk 0:00:47]} Qxa3 {[%clk 0:00:21]} 28. bxa3 {[%clk 0:00:48]} Rb3
{[%clk 0:00:19]} 29. Ncb5 {[%clk 0:00:47]} Bxd6 {[%clk 0:00:18]} 30. Nxd6
{[%clk 0:00:47]} Rxa3 {[%clk 0:00:18]} 31. Bh6 {[%clk 0:00:43]} Ra1+
{[%clk 0:00:17]} 32. Kh2 {[%clk 0:00:43]} Re1 {[%clk 0:00:17]} 33. Rc2
{[%clk 0:00:42]} Nf8 {[%clk 0:00:05]} 34. Rc8 {[%clk 0:00:39]} N6d7
{[%clk 0:00:06]} 35. Ne8 {[%clk 0:00:37]} f5 {[%clk 0:00:06]} 36. Nf6+
{[%clk 0:00:36]} Kf7 {[%clk 0:00:06]} 37. Nxd7 Nxd7 {[%clk 0:00:06]} 38. exf5
{[%clk 0:00:36]} gxf5 {[%clk 0:00:07]} 39. Be3 {[%clk 0:00:35]} Rd1
{[%clk 0:00:07]} 40. Rh8 {[%clk 0:00:32]} Rxd5 {[%clk 0:00:08]} 41. Rxh7+
{[%clk 0:00:33]} Kg6 {[%clk 0:00:09]} 42. Re7 {[%clk 0:00:32]} Nf6
{[%clk 0:00:10]} 43. Re6 {[%clk 0:00:32]} Kf7 {[%clk 0:00:11]} 44. Ra6
{[%clk 0:00:33]} Ne4 {[%clk 0:00:11]} 45. h4 {[%clk 0:00:33]} Rd8
{[%clk 0:00:13]} 46. Kh3 {[%clk 0:00:32]} Rg8 {[%clk 0:00:14]} 47. g3
{[%clk 0:00:34]} Nf6 {[%clk 0:00:15]} 48. Kg2 {[%clk 0:00:34]} Ng4
{[%clk 0:00:16]} 49. Bf4 {[%clk 0:00:34]} Nf6 {[%clk 0:00:16]} 50. Ra5
{[%clk 0:00:34]} Ke6 {[%clk 0:00:17]} 51. Re5+ {[%clk 0:00:34]} Kf7
{[%clk 0:00:18]} 52. Rxf5 {[%clk 0:00:36]} Ke6 {[%clk 0:00:18]} 53. Ra5
{[%clk 0:00:36]} Nd5 {[%clk 0:00:17]} 54. Bg5 {[%clk 0:00:36]} Nc3
{[%clk 0:00:15]} 55. Kh3 {[%clk 0:00:34]} Ne4 {[%clk 0:00:16]} 56. f3
{[%clk 0:00:34]} Nc3 {[%clk 0:00:16]} 57. Kg4 {[%clk 0:00:34]} Nd5
{[%clk 0:00:17]} 58. Ra6+ {[%clk 0:00:35]} Ke5 {[%clk 0:00:17]} 59. f4+
{[%clk 0:00:36]} Ke4 {[%clk 0:00:18]} 60. Re6+ {[%clk 0:00:36]} Kd4
{[%clk 0:00:19]} 61. h5 {[%clk 0:00:35]} Ne3+ {[%clk 0:00:19]} 62. Kf3
{[%clk 0:00:35]} Nf5 {[%clk 0:00:20]} 63. Re5 {[%clk 0:00:34]} Nd6
{[%clk 0:00:20]} 64. h6 {[%clk 0:00:35]} Nf7 {[%clk 0:00:20]} 65. Rf5
{[%clk 0:00:36]} Nd6 {[%clk 0:00:21]} 66. Rf6 {[%clk 0:00:36]} Ne8
{[%clk 0:00:21]} 67. Rf7 {[%clk 0:00:36]} Nd6 {[%clk 0:00:22]} 68. Rd7
{[%clk 0:00:37]} Kc5 {[%clk 0:00:23]} 69. Rxd6 {[%clk 0:00:38]} Kxd6
{[%clk 0:00:24]} 70. Kg4 {[%clk 0:00:39]} Ke6 {[%clk 0:00:25]} 71. f5+
{[%clk 0:00:39]} Kf7 {[%clk 0:00:27]} 72. Kh5 {[%clk 0:00:40]} Ra8
{[%clk 0:00:26]} 73. g4 {[%clk 0:00:41]} Ra1 {[%clk 0:00:26]} 74. Bf4
{[%clk 0:00:41]} Kf6 {[%clk 0:00:27]} 75. Bg3 {[%clk 0:00:38]} Rh1+
{[%clk 0:00:27]} 76. Bh4+ {[%clk 0:00:39]} Kf7 {[%clk 0:00:28]} 77. g5
{[%clk 0:00:39]} Rg1 {[%clk 0:00:29]} 78. g6+ {[%clk 0:00:40]} Kg8
{[%clk 0:00:30]} 79. Bf6 {[%clk 0:00:40]} Rh1+ {[%clk 0:00:30]} 80. Kg5
{[%clk 0:00:41]} Rg1+ {[%clk 0:00:31]} 81. Kf4 {[%clk 0:00:42]} Rf1+
{[%clk 0:00:31]} 82. Ke4 {[%clk 0:00:43]} Re1+ {[%clk 0:00:32]} 83. Kd5
{[%clk 0:00:44]} Rd1+ {[%clk 0:00:31]} 84. Ke6 {[%clk 0:00:45]} Re1+
{[%clk 0:00:32]} 85. Be5 1-0

[Event "M?R 2020 v bleskovém ?achu druzstev"]
[Site "Turnov"]
[Date "2020.09.12"]
[Round "11.6"]
[White "Zima TUR_D, Jan"]
[Black "Bures MOR_B, Vit"]
[Result "1-0"]
[BlackElo "2197"]
[WhiteElo "2076"]
[LiveChessVersion "1.4.8"]

1. e4 {[%clk 0:03:02]} e5 {[%clk 0:03:04]} 2. Bc4 {[%clk 0:03:03]} Nf6
{[%clk 0:03:05]} 3. d4 {[%clk 0:03:05]} exd4 {[%clk 0:03:05]} 4. Nf3
{[%clk 0:03:06]} Nxe4 {[%clk 0:03:04]} 5. Qxd4 {[%clk 0:03:06]} Nf6
{[%clk 0:03:03]} 6. Nc3 {[%clk 0:03:07]} Nc6 {[%clk 0:02:36]} 7. Qh4
{[%clk 0:03:09]} Be7 {[%clk 0:02:37]} 8. Bg5 {[%clk 0:03:10]} d5 {[%clk 0:02:21]}
9. O-O-O {[%clk 0:03:07]} Be6 {[%clk 0:02:22]} 10. Rhe1 {[%clk 0:02:34]} O-O
{[%clk 0:02:09]} 11. Bd3 {[%clk 0:02:23]} h6 {[%clk 0:02:05]} 12. Bxh6
{[%clk 0:02:18]} Ne4 {[%clk 0:01:40]} 13. Qf4 {[%clk 0:01:32]} Bd6
{[%clk 0:01:41]} 14. Qe3 {[%clk 0:01:15]} gxh6 {[%clk 0:01:03]} 15. Nxe4
{[%clk 0:01:01]} dxe4 {[%clk 0:00:55]} 16. Qxe4 {[%clk 0:00:54]} Re8
{[%clk 0:00:55]} 17. Qh7+ {[%clk 0:00:48]} Kf8 {[%clk 0:00:56]} 18. Qxh6+ Ke7 19.
Rxe6+ {[%clk 0:00:19]} Kd7 {[%clk 0:00:44]} 20. Rxe8 {[%clk 0:00:20]} Qxe8
{[%clk 0:00:45]} 21. Bf5+ {[%clk 0:00:21]} Kd8 {[%clk 0:00:35]} 22. Rxd6+
{[%clk 0:00:19]} 1-0

[Event "M?R 2020 v bleskovém ?achu druzstev"]
[Site "Turnov"]
[Date "2020.09.12"]
[Round "11.7"]
[White "Skacelik MOR_B, Petr"]
[Black "Stanek TUR_D, Bohumil"]
[Result "1/2-1/2"]
[BlackElo "1840"]
[WhiteElo "2089"]
[LiveChessVersion "1.4.8"]

1. d4 {[%clk 0:03:02]} Nf6 {[%clk 0:03:03]} 2. c4 {[%clk 0:03:04]} g6
{[%clk 0:03:02]} 3. Nc3 {[%clk 0:03:05]} d5 {[%clk 0:03:02]} 4. Bg5
{[%clk 0:03:06]} Ne4 5. Bh4 Nxc3 {[%clk 0:02:55]} 6. bxc3 {[%clk 0:03:09]} Bg7
{[%clk 0:02:52]} 7. e3 {[%clk 0:03:10]} c5 {[%clk 0:02:45]} 8. Nf3
{[%clk 0:03:12]} O-O {[%clk 0:02:44]} 9. Bd3 {[%clk 0:03:11]} Nc6
{[%clk 0:02:45]} 10. O-O {[%clk 0:03:11]} cxd4 {[%clk 0:02:42]} 11. cxd4
{[%clk 0:03:12]} dxc4 {[%clk 0:02:36]} 12. Bxc4 {[%clk 0:03:13]} Bg4
{[%clk 0:02:17]} 13. h3 {[%clk 0:03:12]} Bxf3 {[%clk 0:02:17]} 14. Qxf3
{[%clk 0:03:14]} Na5 {[%clk 0:02:05]} 15. Rac1 {[%clk 0:02:58]} Nxc4
{[%clk 0:02:02]} 16. Rxc4 {[%clk 0:02:58]} b6 {[%clk 0:02:00]} 17. Rfc1
{[%clk 0:02:57]} Re8 {[%clk 0:01:44]} 18. Rc7 {[%clk 0:02:55]} Qd6
{[%clk 0:01:37]} 19. R1c2 {[%clk 0:02:32]} a5 {[%clk 0:01:23]} 20. R7c6
{[%clk 0:02:30]} Qb4 {[%clk 0:01:21]} 21. Qe2 {[%clk 0:02:21]} e5
{[%clk 0:01:14]} 22. Rb2 {[%clk 0:02:15]} Qa4 {[%clk 0:01:05]} 23. Rc4
{[%clk 0:02:09]} Qd7 {[%clk 0:01:02]} 24. dxe5 {[%clk 0:02:05]} Bxe5
{[%clk 0:00:59]} 25. Rxb6 {[%clk 0:02:04]} Rec8 {[%clk 0:00:50]} 26. Rxc8+
{[%clk 0:01:40]} Rxc8 {[%clk 0:00:51]} 27. g3 {[%clk 0:01:35]} Qxh3
{[%clk 0:00:50]} 1/2-1/2

[Event "M?R 2020 v bleskovém ?achu druzstev"]
[Site "Turnov"]
[Date "2020.09.12"]
[Round "12.1"]
[White "Kraus TUR_A, Tomas"]
[Black "Bauer KOL, Jindrich"]
[Result "1-0"]
[BlackElo "1949"]
[WhiteElo "2417"]
[LiveChessVersion "1.4.8"]

1. c4 {[%clk 0:03:03]} Nf6 {[%clk 0:03:02]} 2. Nc3 {[%clk 0:03:04]} e6
{[%clk 0:03:02]} 3. d4 {[%clk 0:03:04]} d5 {[%clk 0:03:03]} 4. cxd5
{[%clk 0:03:04]} exd5 {[%clk 0:03:04]} 5. Bg5 {[%clk 0:03:05]} c6
{[%clk 0:03:03]} 6. e3 {[%clk 0:03:06]} Nbd7 {[%clk 0:03:04]} 7. Bd3
{[%clk 0:03:03]} h6 {[%clk 0:03:03]} 8. Bf4 {[%clk 0:02:53]} Nb6 {[%clk 0:02:52]}
9. Nf3 {[%clk 0:02:51]} Bd6 {[%clk 0:02:43]} 10. Ne5 {[%clk 0:02:51]} Qc7
{[%clk 0:02:32]} 11. Rc1 {[%clk 0:02:50]} a6 {[%clk 0:02:30]} 12. Bg3
{[%clk 0:02:30]} Be6 {[%clk 0:02:24]} 13. O-O {[%clk 0:02:26]} O-O-O
{[%clk 0:02:19]} 14. f4 {[%clk 0:02:27]} g6 {[%clk 0:02:01]} 15. b4
{[%clk 0:02:01]} Bxb4 {[%clk 0:01:44]} 16. f5 {[%clk 0:02:01]} gxf5
{[%clk 0:01:35]} 17. Na4 {[%clk 0:01:23]} Nxa4 {[%clk 0:01:21]} 18. Qxa4
{[%clk 0:01:23]} Bd6 {[%clk 0:01:18]} 19. Nxc6 {[%clk 0:01:06]} Bd7
{[%clk 0:00:40]} 20. Ne7+ {[%clk 0:00:36]} Kb8 {[%clk 0:00:38]} 21. Rxc7
{[%clk 0:00:35]} Bxa4 {[%clk 0:00:34]} 22. Bxd6 {[%clk 0:00:24]} Rxd6
{[%clk 0:00:34]} 23. Rc5 {[%clk 0:00:25]} Ng4 {[%clk 0:00:26]} 24. Nxf5
{[%clk 0:00:22]} Re6 {[%clk 0:00:12]} 25. Rf3 {[%clk 0:00:09]} Rhe8
{[%clk 0:00:09]} 26. Ng7 {[%clk 0:00:07]} Rxe3 {[%clk 0:00:09]} 27. Nxe8
{[%clk 0:00:09]} Re1+ 28. Rf1 Bc6 {[%clk 0:00:03]} 29. Rxe1 1-0

[Event "M?R 2020 v bleskovém ?achu druzstev"]
[Site "Turnov"]
[Date "2020.09.12"]
[Round "12.2"]
[White "Wasserbauer KOL, Radek"]
[Black "Simacek TUR_A, Pavel"]
[Result "1-0"]
[BlackElo "2407"]
[WhiteElo "2059"]
[LiveChessVersion "1.4.8"]

1. e4 {[%clk 0:03:03]} d5 {[%clk 0:03:03]} 2. exd5 {[%clk 0:03:04]} Nf6
{[%clk 0:03:04]} 3. d4 {[%clk 0:03:06]} Nxd5 {[%clk 0:03:05]} 4. Nf3
{[%clk 0:03:07]} Bg4 {[%clk 0:03:06]} 5. Be2 {[%clk 0:03:08]} e6 {[%clk 0:03:07]}
6. O-O {[%clk 0:03:09]} Nc6 {[%clk 0:03:08]} 7. c4 {[%clk 0:03:08]} Nb6
{[%clk 0:03:09]} 8. c5 {[%clk 0:03:05]} Nd5 {[%clk 0:03:05]} 9. Nc3
{[%clk 0:03:04]} Be7 {[%clk 0:03:04]} 10. Nxd5 {[%clk 0:03:00]} exd5
{[%clk 0:03:03]} 11. Be3 {[%clk 0:03:00]} O-O {[%clk 0:03:02]} 12. h3
{[%clk 0:03:01]} Bh5 {[%clk 0:03:04]} 13. a3 {[%clk 0:02:47]} Bf6
{[%clk 0:03:01]} 14. b4 {[%clk 0:02:45]} a6 {[%clk 0:03:01]} 15. g4
{[%clk 0:02:43]} Bg6 {[%clk 0:03:02]} 16. Bd3 {[%clk 0:02:32]} Be4
{[%clk 0:02:55]} 17. Be2 {[%clk 0:02:16]} Qd7 {[%clk 0:02:32]} 18. Qd2
{[%clk 0:02:18]} Rae8 {[%clk 0:02:29]} 19. Rad1 {[%clk 0:02:13]} h5
{[%clk 0:02:21]} 20. Nh2 {[%clk 0:02:14]} hxg4 {[%clk 0:02:11]} 21. hxg4
{[%clk 0:02:15]} g6 {[%clk 0:01:44]} 22. g5 {[%clk 0:01:56]} Bg7 {[%clk 0:01:42]}
23. Ng4 {[%clk 0:01:43]} Bf5 {[%clk 0:01:14]} 24. Nf6+ {[%clk 0:01:34]} Bxf6
{[%clk 0:01:14]} 25. gxf6 {[%clk 0:01:35]} Bh3 {[%clk 0:01:15]} 26. Bf3
{[%clk 0:01:16]} Qf5 {[%clk 0:01:12]} 27. Bg2 {[%clk 0:01:14]} Bxg2
{[%clk 0:00:47]} 28. Kxg2 {[%clk 0:01:15]} Re4 {[%clk 0:00:48]} 29. f3
{[%clk 0:01:11]} Rh4 {[%clk 0:00:39]} 30. Rh1 {[%clk 0:01:13]} Rxh1
{[%clk 0:00:34]} 31. Rxh1 {[%clk 0:01:14]} Qxf6 {[%clk 0:00:34]} 32. Bf2
{[%clk 0:00:54]} Re8 {[%clk 0:00:29]} 33. Qh6 {[%clk 0:00:40]} Qg7
{[%clk 0:00:30]} 34. Qh4 {[%clk 0:00:40]} Re6 {[%clk 0:00:28]} 35. Kf1
{[%clk 0:00:37]} Kf8 {[%clk 0:00:13]} 36. Qf4 {[%clk 0:00:38]} Re7
{[%clk 0:00:10]} 37. Bh4 {[%clk 0:00:39]} Qxd4 1-0

[Event "M?R 2020 v bleskovém ?achu druzstev"]
[Site "Turnov"]
[Date "2020.09.12"]
[Round "12.3"]
[White "Vykouk TUR_A, Jan"]
[Black "Cozl KOL, David"]
[Result "1-0"]
[BlackElo "1942"]
[WhiteElo "2374"]
[LiveChessVersion "1.4.8"]

1. e4 {[%clk 0:03:03]} c6 {[%clk 0:03:03]} 2. d4 {[%clk 0:03:03]} d5
{[%clk 0:03:04]} 3. Nd2 {[%clk 0:02:57]} dxe4 {[%clk 0:03:04]} 4. Nxe4
{[%clk 0:02:57]} Nf6 {[%clk 0:03:05]} 5. Nxf6+ {[%clk 0:02:58]} exf6
{[%clk 0:03:06]} 6. c3 {[%clk 0:02:58]} Bd6 {[%clk 0:03:06]} 7. Bd3
{[%clk 0:02:59]} O-O {[%clk 0:03:06]} 8. Qc2 {[%clk 0:03:00]} h6 {[%clk 0:03:04]}
9. Ne2 {[%clk 0:02:58]} c5 {[%clk 0:02:54]} 10. O-O {[%clk 0:02:57]} Nc6
{[%clk 0:02:49]} 11. dxc5 {[%clk 0:02:53]} Bxc5 {[%clk 0:02:49]} 12. Bf4
{[%clk 0:02:50]} Ne5 {[%clk 0:02:43]} 13. Bh7+ {[%clk 0:02:38]} Kh8
{[%clk 0:02:41]} 14. Rad1 {[%clk 0:02:38]} Qb6 {[%clk 0:02:14]} 15. b4
{[%clk 0:02:28]} Bxf2+ {[%clk 0:02:05]} 16. Rxf2 {[%clk 0:02:29]} Ng4
{[%clk 0:02:07]} 17. Nd4 {[%clk 0:02:29]} Nxf2 {[%clk 0:02:06]} 18. Kxf2
{[%clk 0:02:29]} Bg4 {[%clk 0:02:03]} 19. Re1 {[%clk 0:02:22]} Rad8
{[%clk 0:01:45]} 20. Bd3 {[%clk 0:01:36]} Rd5 {[%clk 0:01:24]} 21. h3
{[%clk 0:01:28]} Bc8 {[%clk 0:01:12]} 22. Be3 {[%clk 0:01:25]} Qc7
{[%clk 0:01:07]} 23. Kg1 {[%clk 0:01:21]} Re8 {[%clk 0:00:49]} 24. Re2
{[%clk 0:01:11]} Qg3 {[%clk 0:00:32]} 25. Bf2 {[%clk 0:01:09]} Qg5
{[%clk 0:00:30]} 26. Rxe8# {[%clk 0:01:09]} 1-0

[Event "M?R 2020 v bleskovém ?achu druzstev"]
[Site "Turnov"]
[Date "2020.09.12"]
[Round "12.4"]
[White "Urban KOL, Tomas"]
[Black "Studnicka TUR_A, Tomas"]
[Result "0-1"]
[BlackElo "2155"]
[WhiteElo "1738"]
[LiveChessVersion "1.4.8"]

1. f4 {[%clk 0:03:01]} d5 {[%clk 0:02:58]} 2. Nf3 {[%clk 0:03:02]} g6
{[%clk 0:02:59]} 3. g3 {[%clk 0:03:04]} Bg7 {[%clk 0:03:00]} 4. Bg2
{[%clk 0:03:05]} c6 {[%clk 0:03:01]} 5. O-O {[%clk 0:03:06]} Qb6+
{[%clk 0:03:02]} 6. Kh1 {[%clk 0:03:06]} Bxb2 {[%clk 0:03:02]} 7. Bxb2
{[%clk 0:03:04]} Qxb2 {[%clk 0:03:02]} 8. Nc3 {[%clk 0:03:05]} Nf6
{[%clk 0:03:02]} 9. Nd4 {[%clk 0:02:52]} Qb4 {[%clk 0:02:50]} 10. e3
{[%clk 0:02:47]} O-O {[%clk 0:02:43]} 11. f5 {[%clk 0:02:48]} Nbd7
{[%clk 0:02:37]} 12. Rb1 {[%clk 0:02:08]} Qd6 {[%clk 0:02:38]} 13. a4
{[%clk 0:01:59]} Kg7 {[%clk 0:02:36]} 14. g4 {[%clk 0:01:51]} e5 {[%clk 0:02:28]}
15. Nf3 {[%clk 0:01:43]} Nxg4 {[%clk 0:02:19]} 16. fxg6 {[%clk 0:01:36]} hxg6
{[%clk 0:02:16]} 17. e4 {[%clk 0:00:58]} d4 {[%clk 0:02:09]} 18. Ne2
{[%clk 0:00:43]} Ndf6 {[%clk 0:02:08]} 19. Ng3 {[%clk 0:00:43]} Rh8
{[%clk 0:02:09]} 20. h4 {[%clk 0:00:35]} b6 {[%clk 0:02:02]} 21. Rb3
{[%clk 0:00:34]} Be6 {[%clk 0:02:01]} 22. Rd3 {[%clk 0:00:21]} Bc4
{[%clk 0:02:01]} 23. Kg1 {[%clk 0:00:05]} Rh7 {[%clk 0:01:58]} 24. Re1
{[%clk 0:00:05]} Bxd3 {[%clk 0:01:56]} 25. cxd3 {[%clk 0:00:07]} Rah8
{[%clk 0:01:56]} 26. Qb3 {[%clk 0:00:06]} Nh5 {[%clk 0:01:40]} 27. Ng5
{[%clk 0:00:05]} Qe7 {[%clk 0:01:25]} 28. Nxh7 {[%clk 0:00:06]} Nxg3
{[%clk 0:01:19]} 29. Ng5 {[%clk 0:00:07]} Rxh4 {[%clk 0:01:19]} 30. Rf1
{[%clk 0:00:08]} Nxf1 {[%clk 0:01:14]} 31. Bxf1 {[%clk 0:00:08]} Qxg5
{[%clk 0:01:14]} 0-1

[Event "M?R 2020 v bleskovém ?achu druzstev"]
[Site "Turnov"]
[Date "2020.09.12"]
[Round "12.5"]
[White "Cech TUR_B, Pavel"]
[Black "Flajsman DVO, Pavel"]
[Result "1/2-1/2"]
[BlackElo "2025"]
[WhiteElo "2361"]
[LiveChessVersion "1.4.8"]

1. d4 {[%clk 0:03:01]} Nf6 {[%clk 0:03:04]} 2. Bg5 {[%clk 0:03:02]} d5
{[%clk 0:03:00]} 3. Nd2 {[%clk 0:03:03]} c5 {[%clk 0:03:00]} 4. e3
{[%clk 0:03:04]} Nc6 {[%clk 0:02:56]} 5. c3 {[%clk 0:03:05]} e5 {[%clk 0:02:51]}
6. dxe5 {[%clk 0:02:40]} Nxe5 {[%clk 0:02:52]} 7. Ngf3 {[%clk 0:02:39]} Nxf3+
{[%clk 0:02:49]} 8. Qxf3 {[%clk 0:02:33]} Be7 {[%clk 0:02:46]} 9. Bb5+
{[%clk 0:01:06]} Bd7 {[%clk 0:02:47]} 10. Bxd7+ {[%clk 0:01:06]} Qxd7
{[%clk 0:02:47]} 11. Bxf6 {[%clk 0:01:07]} Bxf6 {[%clk 0:02:48]} 12. O-O
{[%clk 0:01:06]} O-O {[%clk 0:02:39]} 13. Rfd1 {[%clk 0:01:06]} Rad8
{[%clk 0:02:13]} 14. Nb3 {[%clk 0:01:04]} Qc6 {[%clk 0:02:10]} 15. Rd2
{[%clk 0:01:02]} Rd6 {[%clk 0:01:53]} 16. Rad1 {[%clk 0:01:02]} Rfd8
{[%clk 0:01:54]} 17. c4 {[%clk 0:00:38]} dxc4 {[%clk 0:00:56]} 18. Qxc6
{[%clk 0:00:38]} Rxd2 {[%clk 0:00:57]} 19. Rxd2 {[%clk 0:00:39]} bxc6
{[%clk 0:00:58]} 20. Rxd8+ {[%clk 0:00:40]} Bxd8 {[%clk 0:00:59]} 21. Nxc5
{[%clk 0:00:26]} Bf6 {[%clk 0:00:56]} 22. Na4 {[%clk 0:00:26]} Kf8
{[%clk 0:00:55]} 23. Kf1 {[%clk 0:00:28]} Ke7 {[%clk 0:00:56]} 24. Ke2
{[%clk 0:00:29]} Kd6 {[%clk 0:00:53]} 25. Kd2 {[%clk 0:00:30]} Kd5
{[%clk 0:00:52]} 26. Nc3+ {[%clk 0:00:30]} Ke6 {[%clk 0:00:45]} 27. Kc2
{[%clk 0:00:29]} Be7 {[%clk 0:00:40]} 28. Ne4 {[%clk 0:00:27]} f5
{[%clk 0:00:39]} 29. Ng3 {[%clk 0:00:24]} g6 {[%clk 0:00:39]} 30. Ne2
{[%clk 0:00:25]} Bd6 {[%clk 0:00:35]} 31. h3 {[%clk 0:00:25]} Kd5
{[%clk 0:00:31]} 32. Nc3+ {[%clk 0:00:24]} Ke6 {[%clk 0:00:31]} 33. Nb1
{[%clk 0:00:18]} Kd5 {[%clk 0:00:29]} 34. Nc3+ {[%clk 0:00:17]} Ke6
{[%clk 0:00:31]} 35. Nb1 {[%clk 0:00:10]} Kd5 {[%clk 0:00:32]} 36. Nd2
{[%clk 0:00:11]} Be5 {[%clk 0:00:30]} 37. Nf3 {[%clk 0:00:12]} Bf6
{[%clk 0:00:31]} 38. Nd2 {[%clk 0:00:13]} Be5 {[%clk 0:00:32]} 39. Nf3
{[%clk 0:00:14]} 1/2-1/2

[Event "M?R 2020 v bleskovém ?achu druzstev"]
[Site "Turnov"]
[Date "2020.09.12"]
[Round "12.6"]
[White "Cesal DVO, Jaroslav"]
[Black "Sodoma TUR_B, Jan"]
[Result "0-1"]
[BlackElo "2239"]
[WhiteElo "2158"]
[LiveChessVersion "1.4.8"]

1. d4 {[%clk 0:03:01]} Nf6 {[%clk 0:03:02]} 2. Nf3 {[%clk 0:03:03]} e6
{[%clk 0:03:01]} 3. Bg5 {[%clk 0:03:02]} h6 {[%clk 0:02:59]} 4. Bxf6
{[%clk 0:03:03]} Qxf6 {[%clk 0:02:59]} 5. e4 {[%clk 0:03:04]} d6 {[%clk 0:02:53]}
6. Be2 {[%clk 0:03:02]} Qg6 {[%clk 0:02:44]} 7. Nc3 {[%clk 0:02:37]} Qxg2
{[%clk 0:02:28]} 8. Rg1 {[%clk 0:02:38]} Qh3 {[%clk 0:02:29]} 9. Rg3
{[%clk 0:02:39]} Qh5 {[%clk 0:02:29]} 10. Qd2 {[%clk 0:02:35]} Qa5
{[%clk 0:02:27]} 11. a3 {[%clk 0:02:20]} c6 {[%clk 0:02:23]} 12. d5
{[%clk 0:02:16]} Bd7 {[%clk 0:02:00]} 13. dxe6 {[%clk 0:02:13]} Bxe6
{[%clk 0:02:01]} 14. Nd4 {[%clk 0:02:13]} Bd7 {[%clk 0:01:34]} 15. b4
{[%clk 0:02:12]} Qe5 {[%clk 0:01:30]} 16. f4 {[%clk 0:02:10]} Qe7
{[%clk 0:01:27]} 17. e5 {[%clk 0:01:30]} dxe5 {[%clk 0:01:18]} 18. fxe5
{[%clk 0:01:31]} Qh4 {[%clk 0:00:55]} 19. O-O-O {[%clk 0:01:08]} a5
{[%clk 0:00:55]} 20. e6 {[%clk 0:01:02]} fxe6 {[%clk 0:00:42]} 21. Qe3
{[%clk 0:00:50]} Qe7 {[%clk 0:00:10]} 22. Bh5+ {[%clk 0:00:37]} Kd8
{[%clk 0:00:11]} 23. Nxe6+ {[%clk 0:00:33]} Kc8 {[%clk 0:00:12]} 24. Nxf8
{[%clk 0:00:18]} Qxe3+ {[%clk 0:00:12]} 25. Rxe3 {[%clk 0:00:18]} Rxf8
{[%clk 0:00:13]} 26. Re7 {[%clk 0:00:11]} axb4 {[%clk 0:00:14]} 27. Ne4
{[%clk 0:00:07]} bxa3 {[%clk 0:00:07]} 28. Kb1 {[%clk 0:00:03]} a2+
{[%clk 0:00:06]} 29. Ka1 {[%clk 0:00:04]} Ra5 {[%clk 0:00:06]} 30. Nd6+ Kc7 31.
Nc4 {[%clk 0:00:04]} Rxh5 {[%clk 0:00:07]} 32. Rxg7 Rd5 0-1

[Event "M?R 2020 v bleskovém ?achu druzstev"]
[Site "Turnov"]
[Date "2020.09.12"]
[Round "12.7"]
[White "Liska TUR_B, Jiri"]
[Black "Kopriva DVO, Martin"]
[Result "0-1"]
[BlackElo "1958"]
[WhiteElo "2239"]
[LiveChessVersion "1.4.8"]

1. e4 {[%clk 0:03:02]} g6 {[%clk 0:03:04]} 2. d4 {[%clk 0:02:59]} Bg7
{[%clk 0:03:05]} 3. Nc3 d6 4. Be3 {[%clk 0:02:53]} a6 {[%clk 0:03:08]} 5. a4
{[%clk 0:02:53]} Nf6 {[%clk 0:03:07]} 6. h3 {[%clk 0:02:51]} b6 {[%clk 0:03:07]}
7. g4 {[%clk 0:02:43]} Bb7 {[%clk 0:03:00]} 8. Bg2 {[%clk 0:02:44]} O-O
{[%clk 0:02:56]} 9. Nge2 {[%clk 0:02:40]} e5 {[%clk 0:02:46]} 10. d5
{[%clk 0:02:21]} Nbd7 {[%clk 0:02:43]} 11. Ng3 {[%clk 0:02:14]} a5
{[%clk 0:02:38]} 12. h4 {[%clk 0:02:07]} Nc5 {[%clk 0:02:33]} 13. g5
{[%clk 0:02:05]} Nfd7 {[%clk 0:02:25]} 14. h5 {[%clk 0:01:59]} f6
{[%clk 0:02:11]} 15. hxg6 {[%clk 0:01:48]} hxg6 {[%clk 0:02:11]} 16. Qg4
{[%clk 0:01:41]} c6 {[%clk 0:01:22]} 17. O-O-O {[%clk 0:01:00]} cxd5
{[%clk 0:01:11]} 18. Nxd5 {[%clk 0:00:57]} Bxd5 {[%clk 0:01:01]} 19. Rxd5
{[%clk 0:00:55]} Qc7 {[%clk 0:00:49]} 20. Rhd1 {[%clk 0:00:34]} Rac8
{[%clk 0:00:32]} 21. Kb1 {[%clk 0:00:11]} Nxa4 {[%clk 0:00:28]} 22. R1d2
{[%clk 0:00:08]} Qc4 {[%clk 0:00:12]} 23. Bf1 {[%clk 0:00:05]} Qb4
{[%clk 0:00:13]} 24. b3 {[%clk 0:00:03]} Nc3+ {[%clk 0:00:13]} 25. Kc1
{[%clk 0:00:04]} Qa3# {[%clk 0:00:13]} 0-1